[Event "SVK-chT2D 2223"]
[Site "Slovakia"]
[Date "2022.10.08"]
[Round "1.6"]
[White "Fenda, Zdenek"]
[Black "Cisarik, Pavol"]
[Result "1/2-1/2"]
[WhiteElo "1869"]
[BlackElo "1662"]
[PlyCount "226"]
[EventDate "2022.10.08"]
[EventType "team-tourn"]
[EventRounds "11"]
[EventCountry "SVK"]
[SourceTitle "EXT 2024"]
[Source "ChessBase"]
[SourceDate "2023.10.10"]
[SourceVersion "1"]
[SourceVersionDate "2023.10.10"]
[SourceQuality "1"]
[WhiteTeam "Margecany"]
[BlackTeam "Presov Slavia PU"]
[WhiteTeamCountry "SVK"]
[BlackTeamCountry "SVK"]

1. e4 e5 2. Bc4 Nf6 3. Nc3 Nc6 4. a3 Nxe4 5. Bxf7+ Kxf7 6. Nxe4 d5 7. Ng3 Bc5 8. d3 Rf8 9. Be3 Qd6 10. Nf3 Kg8 11. Nd2 Bxe3 12. fxe3 Qc5 13. Ndf1 Be6 14. Qd2 Rf7 15. Rg1 Raf8 16. Nh1 Qb5 17. 0-0-0 e4 18. Nfg3 exd3 19. Qxd3 Qxd3 20. cxd3 Bg4 21. Rde1 Ne5 22. Kd2 h5 23. h3 Bxh3 24. gxh3 Nf3+ 25. Ke2 Nxe1 26. Rxe1 h4 27. Nf1 Rf3 28. Nd2 Rxh3 29. Nf2 Rh2 30. Rf1 g5 31. Nf3 Rg2 32. Ne5 Kg7 33. Neg4 Kg6 34. e4 dxe4 35. dxe4 Rf4 36. Ke3 Rfxg4 37. Nxg4 Rxg4 38. Kd4 Rf4 39. Rh1 Rf2 40. b4 Kf6 41. b5 Ra2 42. Rc1 Rd2+ 43. Ke3 Rd7 44. a4 g4 45. Rf1+ Ke6 46. Rf5 Rg7 47. Kf4 g3 48. Re5+ Kf7 49. Rc5 Ke8 50. Re5+ Re7 51. Rg5 Kf8 52. Kf3 Rf7+ 53. Kg2 Rf2+ 54. Kg1 Rf4 55. Re5 h3 56. Rh5 h2+ 57. Kg2 Rxe4 58. Kxg3 Rxa4 59. Rxh2 Rb4 60. Rh5 Ke7 61. Kf3 Kd6 62. Ke3 Rc4 63. Kd3 Rc5 64. Rh6+ Ke7 65. Rh7+ Kf6 66. Kd4 Rc1 67. Kd5 Kg6 68. Re7 Kf6 69. Rh7 Rd1+ 70. Kc5 Rc1+ 71. Kd5 Rc2 72. Kd4 Ke6 73. Rh6+ Kf5 74. Rh7 b6 75. Rh6 Kg5 76. Rh8 Rc5 77. Ra8 Rxb5 78. Rxa7 Rc5 79. Ra8 Kf6 80. Re8 Kf7 81. Re1 Rc6 82. Kd5 Rd6+ 83. Kc4 Re6 84. Rh1 Ke7 85. Kb5 Kd7 86. Ka6 c5 87. Kb5 Ke7 88. Rd1 Kf6 89. Rd5 Ke7 90. Rd1 Rd6 91. Re1+ Kd7 92. Rh1 Kc7 93. Rh7+ Rd7 94. Rh6 Rd6 95. Rh7+ Kc8 96. Rh8+ Kc7 97. Rh7+ Kd8 98. Rh8+ Ke7 99. Rh7+ Kf6 100. Rh5 Ke6 101. Rh1 Ke5 102. Re1+ Kf5 103. Re2 Kf4 104. Re1 Kf3 105. Re5 Kf4 106. Re1 Rg6 107. Re2 Kf3 108. Re1 Kf2 109. Re5 Kf3 110. Re1 Rg4 111. Kxb6 c4 112. Rc1 Rg8 113. Rxc4 Ke3 1/2-1/2

[Event "SVK-chT2D 1920"]
[Site "Slovakia"]
[Date "2020.01.26"]
[Round "7.8"]
[White "Body, Stefan"]
[Black "Fenda, Zdenek"]
[Result "1/2-1/2"]
[WhiteElo "1771"]
[BlackElo "1880"]
[PlyCount "96"]
[EventDate "2019.10.26"]
[EventType "team-tourn"]
[EventRounds "11"]
[EventCountry "SVK"]
[SourceTitle "CBM 194 Extra"]
[Source "ChessBase"]
[SourceDate "2020.03.31"]
[SourceVersion "1"]
[SourceVersionDate "2020.03.31"]
[SourceQuality "1"]
[WhiteTeam "Poprad LS VD"]
[BlackTeam "Margecany"]
[WhiteTeamCountry "SVK"]
[BlackTeamCountry "SVK"]

1. d4 d5 2. c4 e6 3. Nc3 Nf6 4. Nf3 b6 5. Bg5 Be7 6. e3 Bb7 7. Rc1 0-0 8. Bd3 Nbd7 9. 0-0 c5 10. Re1 dxc4 11. Bxc4 h6 12. Bh4 Ne4 13. Bxe7 Qxe7 14. d5 Nxc3 15. Rxc3 exd5 16. Bxd5 Bxd5 17. Qxd5 Nf6 18. Qb3 Rfd8 19. Rd1 Rxd1+ 20. Qxd1 Rd8 21. Rd3 Rxd3 22. Qxd3 Qd7 23. Qxd7 Nxd7 24. Kf1 Kf8 25. Ke2 Ke7 26. Kd3 Kd6 27. h3 b5 28. b3 a5 29. e4 g5 30. g3 f6 31. Nd2 Ne5+ 32. Ke3 Nc6 33. f4 Nd4 34. a4 Kc6 35. axb5+ Kxb5 36. e5 fxe5 37. fxe5 a4 38. bxa4+ Kxa4 39. Ke4 Kb4 40. Kd5 Nf5 41. g4 Ng7 42. Nc4 h5 43. Ne3 hxg4 44. hxg4 Kc3 45. Kxc5 Kd3 46. Nd5 Ke4 47. Kd6 Ne8+ 48. Ke6 Ng7+ 1/2-1/2

[Event "SVK-chT2D 1819"]
[Site "Slovakia"]
[Date "2018.12.15"]
[Round "5.8"]
[White "Fenda, Zdenek"]
[Black "Ondik, Jan"]
[Result "1-0"]
[WhiteElo "1929"]
[BlackElo "1604"]
[PlyCount "55"]
[EventDate "2018.10.13"]
[EventType "team-tourn"]
[EventRounds "11"]
[EventCountry "SVK"]
[SourceTitle "CBM 189 Extra"]
[Source "ChessBase"]
[SourceDate "2019.06.03"]
[SourceVersion "1"]
[SourceVersionDate "2019.06.03"]
[SourceQuality "1"]
[WhiteTeam "Margecany"]
[BlackTeam "Bardejov BSK II"]
[WhiteTeamCountry "SVK"]
[BlackTeamCountry "SVK"]

1. e4 e6 2. d4 d5 3. Nc3 Bb4 4. e5 c5 5. a3 Bxc3+ 6. bxc3 b6 7. Qg4 g6 8. Nf3 Qc7 9. Bd2 cxd4 10. cxd4 Nh6 11. Qf4 Nf5 12. g4 Ng7 13. Bd3 h5 14. Qf6 0-0 15. Bh6 Ne8 16. Qg5 hxg4 17. Qxg4 Qc3+ 18. Ke2 Ba6 19. Rac1 Ng7 20. h4 Bxd3+ 21. cxd3 Qb2+ 22. Nd2 Nf5 23. Bxf8 Nxd4+ 24. Kd1 Nbc6 25. Bd6 Nb3 26. Nxb3 Qxb3+ 27. Ke1 Qb2 28. Rxc6 1-0

[Event "SVK-chT2D 1617"]
[Site "Slovakia"]
[Date "2017.01.21"]
[Round "7.1"]
[White "Fenda, Zdenek"]
[Black "Tauber, Marek"]
[Result "0-1"]
[WhiteElo "1987"]
[BlackElo "2141"]
[PlyCount "78"]
[EventDate "2016.10.08"]
[EventType "team-tourn"]
[EventRounds "11"]
[EventCountry "SVK"]
[SourceTitle "EXT 2018"]
[Source "ChessBase"]
[SourceDate "2017.10.13"]
[SourceVersion "1"]
[SourceVersionDate "2017.10.13"]
[SourceQuality "1"]
[WhiteTeam "Margecany II"]
[BlackTeam "Spisska Nova Ves"]
[WhiteTeamCountry "SVK"]
[BlackTeamCountry "SVK"]

1. f4 Nf6 2. Nf3 g6 3. e3 Bg7 4. Be2 0-0 5. h4 d6 6. Nh2 e5 7. g3 exf4 8. exf4 Nc6 9. c3 Ne4 10. Nf1 Re8 11. d3 Nc5 12. Be3 a5 13. Kf2 h5 14. Nbd2 Bf5 15. Nb3 Nd7 16. g4 hxg4 17. Bxg4 Bxg4 18. Qxg4 Nf6 19. Qf3 Qd7 20. Rg1 a4 21. Nd4 Ra5 22. Nd2 Rh5 23. Qg3 Nd5 24. Nc2 Bf6 25. Nf3 Qf5 26. Rad1 Ne5 27. Nce1 Nxf3 28. Nxf3 Rxe3 29. c4 Rxd3 30. Rxd3 Qxd3 31. cxd5 Qc2+ 32. Kf1 Rxd5 33. Rg2 Qc1+ 34. Ne1 Rf5 35. Rf2 Bxb2 36. Kg2 Qxe1 37. Rxb2 Qe4+ 38. Kh3 Rxf4 39. a3 Rf3 0-1

[Event "SVK-chT2D 1617"]
[Site "Slovakia"]
[Date "2016.10.08"]
[Round "1.1"]
[White "Fenda, Zdenek"]
[Black "Fiacan, Robert"]
[Result "0-1"]
[WhiteElo "1987"]
[BlackElo "2180"]
[PlyCount "68"]
[EventDate "2016.10.08"]
[EventType "team-tourn"]
[EventRounds "11"]
[EventCountry "SVK"]
[SourceTitle "EXT 2018"]
[Source "ChessBase"]
[SourceDate "2017.10.13"]
[SourceVersion "1"]
[SourceVersionDate "2017.10.13"]
[SourceQuality "1"]
[WhiteTeam "Margecany II"]
[BlackTeam "Kosice Slavia TU IV"]
[WhiteTeamCountry "SVK"]
[BlackTeamCountry "SVK"]

1. e4 c5 2. f4 d5 3. exd5 Nf6 4. c4 e6 5. dxe6 Bxe6 6. Nf3 Nc6 7. Be2 Bd6 8. g3 Bh3 9. Ng5 Bf5 10. 0-0 Nd4 11. d3 0-0 12. Nc3 Re8 13. Bf3 Bf8 14. Bxb7 Rb8 15. Bd5 Nxd5 16. Nxd5 h6 17. Be3 hxg5 18. Bxd4 cxd4 19. fxg5 Qxg5 20. b3 Bd6 21. Qf3 Bg6 22. Rf2 Re6 23. Raf1 Rbe8 24. c5 Bxc5 25. Nc7 Rf6 26. Qxf6 gxf6 27. Nxe8 f5 28. Re1 Bb4 29. Re5 Bd2 30. Kg2 Be3 31. Rc2 Qd8 32. Nc7 f6 33. Rb5 f4 34. Rb8 Qxb8 0-1

[Event "SVK-chT2D 1213"]
[Site "Slovakia"]
[Date "2012.12.16"]
[Round "6.1"]
[White "Fenda, Zdenek"]
[Black "Repka, Christopher"]
[Result "0-1"]
[WhiteElo "2064"]
[BlackElo "2228"]
[PlyCount "92"]
[EventDate "2012.10.13"]
[EventType "team-tourn"]
[EventRounds "11"]
[EventCountry "SVK"]
[SourceTitle "EXT 2015"]
[Source "ChessBase"]
[SourceDate "2014.11.20"]
[SourceVersion "1"]
[SourceVersionDate "2014.11.20"]
[SourceQuality "1"]
[WhiteTeam "Margecany"]
[BlackTeam "Kezmarok II"]
[WhiteTeamCountry "SVK"]
[BlackTeamCountry "SVK"]

1. e4 Nc6 2. d4 d5 3. e5 Bf5 4. c3 e6 5. Nd2 Nge7 6. h4 f6 7. g4 Bg6 8. h5 Bf7 9. f4 Qd7 10. b4 0-0-0 11. a4 fxe5 12. fxe5 g6 13. Qf3 Bh6 14. Nb3 Bxc1 15. Rxc1 Rdf8 16. h6 g5 17. Qe3 Bg6 18. Nc5 Qe8 19. Nxe6 Rxf1+ 20. Kxf1 Qf7+ 21. Nf3 Qxe6 22. Qxg5 Be4 23. Ke2 Rg8 24. Qf6 Bxf3+ 25. Qxf3 Rxg4 26. Rcg1 Re4+ 27. Kd2 Nxd4 28. Qf8+ Kd7 29. Rg7 Qxe5 30. Qxe7+ Qxe7 31. cxd4 Rxd4+ 32. Kc3 Rc4+ 33. Kd3 Re4 34. Rf1 Kd6 35. Rxe7 Rxe7 36. Rf4 Re6 37. Rh4 c6 38. a5 Re4 39. Rxe4 dxe4+ 40. Kxe4 Ke6 41. Kd4 b6 42. Kc4 Ke5 43. Kd3 Kd5 44. Kc3 b5 45. Kd3 a6 46. Ke3 Kc4 0-1

[Event "SVK-chT2D 1213"]
[Site "Slovakia"]
[Date "2012.12.01"]
[Round "3.1"]
[White "Kusiak, Matej"]
[Black "Fenda, Zdenek"]
[Result "1-0"]
[WhiteElo "2179"]
[BlackElo "2064"]
[PlyCount "56"]
[EventDate "2012.10.13"]
[EventType "team-tourn"]
[EventRounds "11"]
[EventCountry "SVK"]
[SourceTitle "EXT 2015"]
[Source "ChessBase"]
[SourceDate "2014.11.20"]
[SourceVersion "1"]
[SourceVersionDate "2014.11.20"]
[SourceQuality "1"]
[WhiteTeam "Kosice SK"]
[BlackTeam "Margecany"]
[WhiteTeamCountry "SVK"]
[BlackTeamCountry "SVK"]

1. e4 e6 2. d4 d5 3. Nc3 dxe4 4. Nxe4 Nf6 5. Bg5 Be7 6. Bxf6 Bxf6 7. Nf3 Be7 8. Bd3 Nd7 9. Qe2 Nf6 10. 0-0-0 c6 11. Kb1 Qa5 12. Ne5 Nd7 13. f4 g6 14. h4 f5 15. Nc4 Qc7 16. Ng5 Nf8 17. Ne5 Bf6 18. Ngf7 Rg8 19. g4 Rg7 20. Ng5 Bxe5 21. dxe5 Bd7 22. gxf5 gxf5 23. Qh5+ Ke7 24. Bxf5 exf5 25. Rd6 Re8 26. Rhd1 Kd8 27. Nf7+ Ke7 28. Nh6 Qc8 1-0

[Event "SVK-chT2D 1213"]
[Site "Slovakia"]
[Date "2012.10.14"]
[Round "2.1"]
[White "Fenda, Zdenek"]
[Black "Istona, Martin"]
[Result "0-1"]
[WhiteElo "2064"]
[BlackElo "2071"]
[PlyCount "60"]
[EventDate "2012.10.13"]
[EventType "team-tourn"]
[EventRounds "11"]
[EventCountry "SVK"]
[SourceTitle "EXT 2015"]
[Source "ChessBase"]
[SourceDate "2014.11.20"]
[SourceVersion "1"]
[SourceVersionDate "2014.11.20"]
[SourceQuality "1"]
[WhiteTeam "Margecany"]
[BlackTeam "Sabinov II"]
[WhiteTeamCountry "SVK"]
[BlackTeamCountry "SVK"]

1. f4 c5 2. e4 Nc6 3. Nf3 g6 4. d4 cxd4 5. Nxd4 Bg7 6. c3 Nxd4 7. cxd4 Qb6 8. e5 d6 9. Nc3 Bd7 10. Bc4 Nh6 11. Nd5 Qc6 12. Qb3 Rc8 13. Ne3 Qe4 14. 0-0 Qxd4 15. Kh1 Bc6 16. exd6 Qxd6 17. f5 Be5 18. Bb5 Nxf5 19. Nxf5 gxf5 20. Rxf5 e6 21. Rf1 Bxh2 22. Bg5 Qe5 23. Rae1 Qxg5 24. Rxe6+ fxe6 25. Qxe6+ Kd8 26. Bxc6 Rxc6 27. Rd1+ Bd6 28. Rxd6+ Rxd6 29. Qxd6+ Kc8 30. Qa3 Kb8 0-1

[Event "SVK-chT2D 1112"]
[Site "Slovakia"]
[Date "2011.10.08"]
[Round "1.6"]
[White "Jurcisin, Imrich"]
[Black "Fenda, Zdenek"]
[Result "1-0"]
[WhiteElo "2041"]
[BlackElo "2078"]
[PlyCount "121"]
[EventDate "2011.10.08"]
[EventType "team-tourn"]
[EventRounds "11"]
[EventCountry "SVK"]
[SourceTitle "EXT 2013"]
[Source "ChessBase"]
[SourceDate "2012.11.22"]
[SourceVersion "1"]
[SourceVersionDate "2012.11.22"]
[SourceQuality "1"]
[WhiteTeam "Kosice Slavia TU IV"]
[BlackTeam "Margecany OSK"]
[WhiteTeamCountry "SVK"]
[BlackTeamCountry "SVK"]

1. e4 e6 2. d4 d5 3. Nd2 c5 4. dxc5 Bxc5 5. Bd3 Ne7 6. Ngf3 Nbc6 7. Qe2 Bd7 8. c3 Qc7 9. Nb3 Bd6 10. Be3 Ne5 11. Nxe5 Bxe5 12. Bd4 dxe4 13. Bxe4 Bxd4 14. Nxd4 a6 15. Bd3 Nd5 16. g3 Nxc3 17. Qh5 Nd5 18. 0-0 Qb6 19. Nf3 Bb5 20. Ne5 Rf8 21. Qxh7 Bxd3 22. Nxd3 g6 23. Qh4 Rd8 24. Qa4+ Ke7 25. Rfe1 Kf6 26. Qe4 Kg7 27. Qe5+ Kg8 28. Rac1 Rc8 29. b3 Rc6 30. Rxc6 Qxc6 31. Rc1 Qb5 32. Rc4 Ne7 33. Qxb5 axb5 34. Rc7 Nd5 35. Rxb7 Ra8 36. Ne5 Rxa2 37. Nxf7 Rb2 38. Nh6+ Kf8 39. Rxb5 Ke7 40. Ng4 Kd6 41. Kg2 e5 42. Kh3 g5 43. Ne3 Nxe3 44. fxe3 Re2 45. Rb8 Rxe3 46. Kg4 Re2 47. h3 Re3 48. b4 Kc7 49. Rg8 Rb3 50. Rxg5 Rxb4+ 51. Kf5 Kd6 52. h4 Kd5 53. Rg8 Kd4 54. h5 e4 55. Kf4 Kd3 56. Re8 Rd4 57. g4 Rd7 58. g5 Rf7+ 59. Kg4 Ke3 60. g6 Rf4+ 61. Kg5 1-0

[Event "SVK-chT1E 0809"]
[Site "Slovakia"]
[Date "2009.03.07"]
[Round "10.3"]
[White "Fenda, Zdenek"]
[Black "Buchnicek, Petr"]
[Result "0-1"]
[WhiteElo "2113"]
[BlackElo "2330"]
[PlyCount "65"]
[EventDate "2008.10.18"]
[EventType "team-tourn"]
[EventRounds "11"]
[EventCountry "SVK"]
[SourceTitle "EXT 2010"]
[Source "ChessBase"]
[SourceDate "2010.11.25"]
[SourceVersion "1"]
[SourceVersionDate "2010.11.25"]
[SourceQuality "1"]
[WhiteTeam "Margecany OSK"]
[BlackTeam "Rajecke Teplice"]
[WhiteTeamCountry "SVK"]
[BlackTeamCountry "SVK"]

1. e4 d5 2. exd5 Nf6 3. Nf3 Nxd5 4. d4 g6 5. c4 Nb6 6. Nc3 Bg7 7. c5 Nd5 8. Bc4 c6 9. Qb3 0-0 10. Nxd5 cxd5 11. Bxd5 Nc6 12. Bxc6 bxc6 13. 0-0 Be6 14. Qc3 Bd5 15. Ne5 Qc8 16. Be3 f6 17. Nd3 Qf5 18. f3 a5 19. b3 e5 20. Nf2 Qe6 21. Nd3 g5 22. Nb2 f5 23. Rae1 f4 24. Bf2 g4 25. dxe5 gxf3 26. gxf3 Qh3 27. Bd4 Rf5 28. Rf2 Rg5+ 29. Kh1 Rg3 30. Rg1 Rxf3 31. Rxg7+ Kxg7 32. e6+ Kg8 33. Qxf3 0-1

[Event "SVK-chT1E 0809"]
[Site "Slovakia"]
[Date "2008.12.14"]
[Round "6.1"]
[White "Jelen, Peter"]
[Black "Fenda, Zdenek"]
[Result "1-0"]
[WhiteElo "2177"]
[BlackElo "2113"]
[PlyCount "67"]
[EventDate "2008.10.18"]
[EventType "team-tourn"]
[EventRounds "11"]
[EventCountry "SVK"]
[SourceTitle "EXT 2010"]
[Source "ChessBase"]
[SourceDate "2010.11.25"]
[SourceVersion "1"]
[SourceVersionDate "2010.11.25"]
[SourceQuality "1"]
[WhiteTeam "Liptov Chess School"]
[BlackTeam "Margecany OSK"]
[WhiteTeamCountry "SVK"]
[BlackTeamCountry "SVK"]

1. c4 f5 2. Nc3 Nf6 3. d4 e6 4. Nf3 c5 5. g3 cxd4 6. Nxd4 Nc6 7. Bg2 Bc5 8. Nc2 0-0 9. 0-0 a6 10. Rb1 a5 11. e4 fxe4 12. Nxe4 Nxe4 13. Bxe4 Qe8 14. Be3 Bxe3 15. Nxe3 Ne5 16. f4 Nc6 17. Rc1 b6 18. Rc2 Ba6 19. Re1 Rd8 20. Rd2 b5 21. b3 bxc4 22. bxc4 Qe7 23. Rd6 Bb7 24. c5 g6 25. Nd5 Qg7 26. Nb6 Qc3 27. Nxd7 Rxd7 28. Rxd7 Qxc5+ 29. Kg2 Ba6 30. Rc7 Rb8 31. Rxc6 Rb2+ 32. Kh3 Qf2 33. Qd8+ Kg7 34. Rc7+ 1-0

[Event "SVK-chT1E 0809"]
[Site "Slovakia"]
[Date "2008.11.22"]
[Round "3.1"]
[White "Fenda, Zdenek"]
[Black "Bednar, Milan"]
[Result "1-0"]
[WhiteElo "2113"]
[BlackElo "2255"]
[PlyCount "101"]
[EventDate "2008.10.18"]
[EventType "team-tourn"]
[EventRounds "11"]
[EventCountry "SVK"]
[SourceTitle "EXT 2010"]
[Source "ChessBase"]
[SourceDate "2010.11.25"]
[SourceVersion "1"]
[SourceVersionDate "2010.11.25"]
[SourceQuality "1"]
[WhiteTeam "Margecany OSK"]
[BlackTeam "Bardejov BSK"]
[WhiteTeamCountry "SVK"]
[BlackTeamCountry "SVK"]

1. e4 c5 2. f4 Nc6 3. Nf3 d6 4. Bc4 g6 5. 0-0 Bg7 6. c3 Nf6 7. e5 dxe5 8. Nxe5 0-0 9. Nxc6 bxc6 10. Qf3 Qd6 11. d3 Bg4 12. Qf2 Bf5 13. Be3 Ng4 14. Bxc5 Nxf2 15. Bxd6 Nh3+ 16. gxh3 exd6 17. d4 Rab8 18. Rf2 Rfe8 19. Na3 Bxh3 20. Rd1 Bf6 21. d5 cxd5 22. Bxd5 Bh4 23. Rfd2 Be1 24. Rc2 Bg4 25. Rdc1 Bh4 26. Nc4 Rbd8 27. Kg2 Re7 28. Bf3 Be6 29. Na5 Rc7 30. Nc6 Rdc8 31. Nd4 Bc4 32. Rd2 Bf6 33. b3 Ba6 34. c4 d5 35. Bxd5 Rd8 36. Rcd1 Rcd7 37. Nf3 Kf8 38. Bc6 Rxd2+ 39. Rxd2 Rxd2+ 40. Nxd2 Bd4 41. Kf3 Ke7 42. Ke4 Bc3 43. Kd3 Bb2 44. b4 f6 45. Bd5 h5 46. h4 Bc8 47. Be4 Kf7 48. a4 Ba3 49. Kc3 Bc1 50. c5 Ba3 51. Nc4 1-0

[Event "SVK-chT1E 0809"]
[Site "Slovakia"]
[Date "2008.10.18"]
[Round "1.2"]
[White "Egyed, Andras"]
[Black "Fenda, Zdenek"]
[Result "1-0"]
[WhiteElo "2282"]
[BlackElo "2113"]
[PlyCount "81"]
[EventDate "2008.10.18"]
[EventType "team-tourn"]
[EventRounds "11"]
[EventCountry "SVK"]
[SourceTitle "EXT 2010"]
[Source "ChessBase"]
[SourceDate "2010.11.25"]
[SourceVersion "1"]
[SourceVersionDate "2010.11.25"]
[SourceQuality "1"]
[WhiteTeam "Filakovo"]
[BlackTeam "Margecany OSK"]
[WhiteTeamCountry "SVK"]
[BlackTeamCountry "SVK"]

1. d4 f5 2. e4 d6 3. Nc3 Nf6 4. f3 g6 5. Be3 Bg7 6. Qd2 fxe4 7. Nxe4 Nxe4 8. fxe4 e5 9. 0-0-0 Bg4 10. Re1 exd4 11. Bxd4 Bxd4 12. Qxd4 Qg5+ 13. Kb1 Qe5 14. Qxe5+ dxe5 15. Bc4 Ke7 16. h3 Be6 17. Bd3 Nd7 18. Nf3 h6 19. Nh4 Rhg8 20. Rhf1 Raf8 21. b4 Rf4 22. Rxf4 exf4 23. e5 g5 24. Nf5+ Bxf5 25. Bxf5 Nb6 26. Bd3 Nd5 27. a3 c6 28. Kc1 Ne3 29. g3 Rf8 30. Kd2 Ke6 31. gxf4 gxf4 32. Rg1 Kxe5 33. Rg6 Rf6 34. Rg7 Rd6 35. Rxb7 Nc4+ 36. Ke2 Nxa3 37. Rxa7 Nb5 38. Ra5 Kd4 39. Kf3 Nc3 40. Rc5 Rf6 41. Rc4+ 1-0

[Event "SVK-chT1E 0708"]
[Site "Slovakia"]
[Date "2008.03.15"]
[Round "10.4"]
[White "Fenda, Zdenek"]
[Black "Peterson, Eric"]
[Result "0-1"]
[WhiteElo "2112"]
[BlackElo "2343"]
[PlyCount "58"]
[EventDate "2007.10.13"]
[EventType "team-swiss"]
[EventRounds "11"]
[EventCountry "SVK"]
[SourceTitle "EXT 2009"]
[Source "ChessBase"]
[SourceDate "2008.11.26"]
[SourceVersion "1"]
[SourceVersionDate "2008.11.26"]
[SourceQuality "1"]
[WhiteTeam "Margecany OSK"]
[BlackTeam "Sabinov"]
[WhiteTeamCountry "SVK"]
[BlackTeamCountry "SVK"]

1. d4 d5 2. f4 Nf6 3. Nf3 Bf5 4. e3 e6 5. c3 Bd6 6. Be2 Nbd7 7. Nbd2 0-0 8. Ne5 Ne4 9. Nxd7 Qxd7 10. g4 Bg6 11. h4 Ng3 12. Rh3 Nxe2 13. Qxe2 f6 14. h5 Bf7 15. Kf2 c5 16. Nf3 e5 17. dxe5 fxe5 18. f5 e4 19. Ng5 Be8 20. Bd2 Qe7 21. Nxh7 Kxh7 22. Rg1 Qg5 23. Ke1 Rxf5 24. c4 Bc6 25. Qg2 Rf3 26. Rxf3 exf3 27. Qxf3 Rf8 28. Qh3 dxc4 29. b3 Rf3 0-1

[Event "SVK-chT1E 0708"]
[Site "Slovakia"]
[Date "2008.02.10"]
[Round "9.1"]
[White "Fenda, Zdenek"]
[Black "Lednicky, Martin"]
[Result "0-1"]
[WhiteElo "2112"]
[BlackElo "2182"]
[PlyCount "66"]
[EventDate "2007.10.13"]
[EventType "team-swiss"]
[EventRounds "11"]
[EventCountry "SVK"]
[SourceTitle "EXT 2009"]
[Source "ChessBase"]
[SourceDate "2008.11.26"]
[SourceVersion "1"]
[SourceVersionDate "2008.11.26"]
[SourceQuality "1"]
[WhiteTeam "Margecany OSK"]
[BlackTeam "Rajecke Teplice"]
[WhiteTeamCountry "SVK"]
[BlackTeamCountry "SVK"]

1. e4 e6 2. d4 d5 3. exd5 exd5 4. Bd3 Bd6 5. Nc3 c6 6. Nf3 Nf6 7. h3 0-0 8. Be3 Re8 9. 0-0 Ne4 10. Nd2 f5 11. Ndxe4 fxe4 12. Be2 Qh4 13. Bg4 Nd7 14. Qd2 h6 15. Bf4 Qf6 16. Bxd6 Qxd6 17. Rae1 Nf6 18. Bxc8 Raxc8 19. Ne2 Nh5 20. c3 Rc7 21. g4 Nf6 22. Ng3 Rf7 23. Nf5 Qc7 24. Kg2 Kh7 25. Qe3 Nh5 26. f4 Ref8 27. Re2 g6 28. Ref2 gxf5 29. gxh5 Rg7+ 30. Kh2 Rfg8 31. Rc1 Qf7 32. Qe2 Rg3 33. c4 e3 0-1

[Event "SVK-chT1E 0708"]
[Site "Slovakia"]
[Date "2007.11.11"]
[Round "4.1"]
[White "Bednar, Jaromir"]
[Black "Fenda, Zdenek"]
[Result "1-0"]
[WhiteElo "2360"]
[BlackElo "2112"]
[PlyCount "99"]
[EventDate "2007.10.13"]
[EventType "team-swiss"]
[EventRounds "11"]
[EventCountry "SVK"]
[SourceTitle "EXT 2009"]
[Source "ChessBase"]
[SourceDate "2008.11.26"]
[SourceVersion "1"]
[SourceVersionDate "2008.11.26"]
[SourceQuality "1"]
[WhiteTeam "Martin MSK"]
[BlackTeam "Margecany OSK"]
[WhiteTeamCountry "SVK"]
[BlackTeamCountry "SVK"]

1. e4 e6 2. d3 b5 3. g3 Bb7 4. Bg2 c5 5. Nd2 Nc6 6. a4 a6 7. Ngf3 Nge7 8. h4 Ng6 9. 0-0 Be7 10. Nh2 0-0 11. h5 Nh8 12. h6 g6 13. c3 f5 14. Ndf3 fxe4 15. dxe4 Nf7 16. Ng4 Qc7 17. Re1 e5 18. Ne3 Ncd8 19. Nd5 Bxd5 20. Qxd5 Rc8 21. Bh3 Rb8 22. Bxd7 Rb6 23. Bg4 Rd6 24. Qb3 c4 25. Qc2 Ne6 26. axb5 axb5 27. Be3 Nc5 28. Red1 Nd3 29. Ra7 Qd8 30. b3 Ng5 31. Bxg5 Bxg5 32. bxc4 bxc4 33. Qa4 Bxh6 34. Qxc4+ Kh8 35. Rxd3 Rxd3 36. Nxe5 Rxg3+ 37. Kf1 Rxg4 38. Rd7 Qf6 39. Nxg4 Qf4 40. Qd4+ Kg8 41. e5 Qc1+ 42. Kg2 Bg7 43. Rxg7+ Kxg7 44. e6+ Kg8 45. Nf6+ Rxf6 46. Qxf6 Qa3 47. Qf7+ Kh8 48. e7 Qa8+ 49. f3 Qa2+ 50. Qxa2 1-0